000 00660nam a2200169 a 4500
005 20210219160505.0
008 081109s1964 mx r 000 0 spa d
035 _aUPN01000166720
049 _aUNE
080 _aOC 058.7: 3.001.5 (100)=20 =40REP No.20.
245 0 0 _aRépertoire international des centres de recherche sociologique en dehors des États Unis d' Amerique = International repertory of sociological research centres outside the U.S.A.
260 _aParís :
_bUNESCO,
_c1964.
300 _a125 p.
440 0 _aRapports et documents de sciences sociales ;
_v20
690 _aInstituciones de ciencias sociales - Directorios
905 _aUNESCO
999 _c138831
_d138831